Statistics for Groups of Countries (by Cedo) #24

Click here to take the quiz!

General Stats

  • This quiz has been taken 123 times
  • The average score is 19 of 24

Answer Stats

HintAnswer% Correct
Italian as official language (sovereign)Italy
95%
Countries and territories along the Arctic CircleNorway
95%
Countries and territories along the Arctic CircleSweden
95%
Countries and territories along the Arctic CircleRussia
94%
Countries and territories along the Arctic CircleCanada
93%
Countries and territories along the Arctic CircleFinland
93%
Countries and territories along the Arctic CircleIceland
93%
Italian as official language (sovereign)Vatican City
93%
Countries and territories along the Arctic CircleUnited States
92%
Italian as official language (sovereign)San Marino
91%
Italian as official language (sovereign)Switzerland
90%
First Confederate States of America*Alabama
80%
First Confederate States of America*Texas
80%
First Confederate States of America*Florida
77%
First Confederate States of America*Georgia
77%
First Confederate States of America*Louisiana
77%
First Confederate States of America*Mississippi
77%
First Confederate States of America*South Carolina
71%
Countries and territories along the Arctic CircleGreenland
63%
Italian as recognized minority language (sovereign)Slovenia
62%
Italian as recognized minority language (sovereign)Croatia
60%
Aralkum DesertUzbekistan
43%
Aralkum DesertKazakhstan
42%
Italian as recognized minority language (sovereign)Brazil
20%

Score Distribution

Percentile by Number Answered

Percent of People with Each Score

Your Score History

You have not taken this quiz